Poesía, 1932-1960 /

Gorde:
Xehetasun bibliografikoak
Egile nagusia: Panero, Leopoldo (autor)
Beste egile batzuk: Alonso, Dámaso (prólogo) (prólogo)
Formatua: Liburua
Hizkuntza:gaztelania
Argitaratua: Madrid, España : Cultura Hispánica, 1963, c1963
Saila:(Poesía de España y América. La Encina y el Mar ; 27)
Gaiak:
Etiketak: Etiketa erantsi
Etiketarik gabe, Izan zaitez lehena erregistro honi etiketa jartzen!

MARC

LEADER 00000nam^a2200000^a^4500
001 000210088
005 20250521000000.0
009 20260310103342.681
037 |a Acervo Xavier Clavigero 
041 |a ESP 
082 |a 861.  |b PAN 
100 |a Panero, Leopoldo  |e (autor) 
245 1 0 |a Poesía, 1932-1960 /  |c L. Panero ; pról. de D. Alonso. 
264 4 |a Madrid, España :  |b Cultura Hispánica,  |c 1963, c1963 
300 |a 453 p. 
336 |a texto  |b txt  |2 rdacontenido 
337 |a sin mediación  |b n  |2 rdamedio 
338 |a volumen  |b nc  |2 rdasoporte 
440 1 |a (Poesía de España y América.  |p La Encina y el Mar ;  |v 27) 
649 |a XX 
650 |a Poesía Española 
650 |a Literatura Española -  |y Siglo XX 
700 |a Alonso, Dámaso  |e (prólogo) 
910 |a Fondo General 
920 |a Impresos - Libros 
930 |a Colección General 
940 |a Literatura 
905 |a 101 
901 |a 014916  |b IT1  |c LIT  |i 014916  |u 20250521 
902 |a https://opac.biblio.iteso.mx/vufind/Record/000210088